Responses for Show #8849 - Thursday, April 13, 2023

Ben Chan game 2.

Contestants

[<< previous game]

Liz Jensen, a stay-at-home mom from Metuchen, New Jersey

Peter Early, a settlement consultant from Windham, New Hampshire

Ben Chan, a philosophy professor from Green Bay, Wisconsin (whose 1-day cash winnings total $16,001)

[next game >>]

Jeopardy! Round responses

THE SCENIC SOUTHWEST
LETTER PERFECT
IN THE AIR TONIGHT
FOODSTOCK
(Ken: Each response here will be an original Woodstock band altered to include the name of a food like Blood, Sweat and Pears, a band I know you love.)
TRADEMARKED SOUNDS
FISH OUT OF WATER
    $200 23
the Colorado

Ben!
    $200 15
U-boats

Liz
    $200 26
argon

Peter
    $200 8
the Grapefruit-ful Dead (the Grapefruit Dead)

Peter
    $200 10
MGM

Peter
    $200 20
Pisces

Liz
    $400 24
Navajo

Triple Stumper
    $400 16
K-pop

Peter
    $400 27
(the Great) Smog

Ben!
    $400 7
Crosby, Stills, Nosh & Young

Peter
    $400 25
the Harlem Globetrotters

Liz
    $400 21
Goldfish

Liz
    $600 2
the Badlands

Peter
    $600 17
(Ken: For hydrogen, yes.)

H

Peter
    $600 28
meteors

Ben!
    $600 3
Ravioli Shankar

Ben!
    $600 9
(Ken: From 60 Minutes, right.)

CBS

Liz
    $3,400 14
the (Miami) Marlins

Ben!
    $800 1
Zion

Liz
    $800 18
(Ben: What is D?)
(Liz: What is K?)

vitamin E

Ben!Liz
Triple Stumper
    $800 29
cicadas

Peter
    $800 5
Sha Nachos Na (Sha Na Nachos)

Peter
    $800 11
TiVo

Ben!
    $800 12
Piranha Panic

Peter
    $1000 4
petroglyphs

Ben!
    $1000 19
W

Ben!
    $1000 30
the dew point

Ben!
    $1000 6
Sliders and the Family Stone

Peter
    $1000 13
(Liz: What is Arby's?)

Taco Bell

Ben!Liz
    $1000 22
(Salmon P.) Chase

Ben!

Scores at the first commercial break (after clue 14):

Ben! Peter Liz
$6,800 $4,000 $400

Scores at the end of the Jeopardy! Round:

Ben! Peter Liz
$10,200 $6,000 $800

Double Jeopardy! Round responses

THE BOOK OF ROMANS
HERE'S A BIT OF EVERYTHING
SECRETARIES OF STATE
TRIPLE "A"
GERMAN LITERATURE
FISH OUT OF WATER ON TV
    $400 20
Nero

Peter
    $400 28
(Peter: Me too.)
[Laughter]

beer

Peter
    $400 22
France

Triple Stumper
    $400 9
avatar

Liz
    $400 10
Mann

Peter
    $400 14
Ted Lasso

Peter
    $800 29
(Liz: What is Metamorphosis?)
...
(Ken: -ses, the plural, yes.)

Metamorphoses

Ben!Liz
    $800 27
the Empire State Building

Ben!
    $800 21
Dulles

Liz
    $800 16
maniacal

Peter
    $800 13
The Tin Drum

Liz
    $800 15
Emily in Paris

Liz
    $1200 7
the Rubicon

Ben!
    $1200 26
defrocked

Triple Stumper
    $1200 5
(Ben: Who is Warren... [*]? Who is [*]?)
(Ken: [*] is correct, yes.)

Shultz

Ben!
    $1200 17
takeaway

Liz
    $1200 2
Inkheart

Triple Stumper
    $1200 4
Fry

Ben!
    $3,000 8
Virgil

Ben!
    $1600 25
(Ben: Who is [*]?)
(Ken: I'd like to know as well, yes.)

the Zodiac Killer

Ben!
    $1,600 6
the Good Neighbor Policy

Ben!
    $1600 18
palatial

Triple Stumper
    $1600 1
Goethe

Ben!
    $1600 11
(Ken: From Game of Thrones, that's [*].)

Maisie Williams

Triple Stumper
    $2000 30
SPQR

Ben!
    $2000 24
(Liz: What is "Old Kentucky Home"?)

"My Old Kentucky Home"

Liz
Triple Stumper
    $2000 23
(Peter: What is Oslo?)

Helsinki

PeterLiz
    $2000 19
camaraderie

Triple Stumper
    $2000 3
Bertolt Brecht

Ben!
    $2000 12
Jed Clampett

Liz

Scores at the end of the Double Jeopardy! Round:

Ben! Peter Liz
$27,200 $6,400 $6,000
(lock game)

[wagering suggestions for these scores]

Final Jeopardy! Round responses

EXPLORATION
(Ken: [To Liz] If you're wondering why the measurements were longer than tall, it's because many of the statues had fallen over.)
LizWhat is Easter Island?
$5,000
PeterWhat is Ru[?]
$1,916
Ben!What is Easter Island?
$2,800
Easter Island

Final scores:

Ben! Peter Liz
$30,000 $4,484 $11,000
2-day champion: $46,001 3rd place: $1,000 2nd place: $2,000

Game dynamics:

Coryat scores:

Ben! Peter Liz
$23,000 $6,400 $6,000
22 R
(including 3 DDs),
1 W
16 R,
1 W
13 R,
4 W

Combined Coryat: $35,400

[game clues] [game scores] [suggest correction]

Game tape date: 2023-01-18
The J! Archive is created by fans, for fans. Scraping, republication, monetization, and malicious use prohibited; this site may use cookies and collect identifying information. See terms. The Jeopardy! game show and all elements thereof, including but not limited to copyright and trademark thereto, are the property of Jeopardy Productions, Inc. and are protected under law. This website is not affiliated with, sponsored by, or operated by Jeopardy Productions, Inc. Join the discussion at JBoard.tv.